| 000 | 00411nam a2200145 a 4500 | ||
|---|---|---|---|
| 999 |
_c198 _d198 |
||
| 020 | _a9780521586429 | ||
| 050 |
_aSB931 _b.E43 EMD |
||
| 100 | 1 | _aVan Emden, Helmut Fritz. | |
| 245 | 1 | 0 |
_aPest control / _cHelmut F Van Emden. |
| 260 |
_aCambridge : _bCambridge University Press, _c1996. |
||
| 300 |
_a117p . : _bill. |
||
| 500 | _aINCLUDES BIBLIOGRAPHIC REFERENCE AND INDEX | ||
| 650 | 0 |
_aPests _xControl. |
|
| 942 | _cBK | ||